000 00473nam a2200169Ia 4500
003 GCL
008 140319s9999 xx 000 0 eng d
040 _aGCL /
_cGCL
082 0 4 _a320.12
_bG A
100 1 _aGUELKE, ADRIAN
245 1 0 _aTHE AGE OF TERRORISM AND INTERNATIONAL POLITICAL SYSTEM /
_cGUELKE, ADRIAN
260 _a[S.N] :
_bTAURIS ACADEMIC STUDIES ،
_c1995
300 _a230 P
650 0 4 _aINTERNATIONAL POLITICS
650 0 4 _aTERRORISM
942 _2ddc
_cBK
999 _c13907
_d13907